01952cam a22003617i 450000100090000000300040000900500170001300800410003001000170007102000260008802000230011402000270013703500240016404000770018804200140026505000240027907200150030308200190031810000370033724500980037425000200047226400570049230000580054933600260060733600330063333700280066633800270069452006560072165000200137765000460139765000210144377501260146417669485OSt20181128152452.0130322s2013 coua 000 0 eng d a 2013935962 a9781434703217q(pbk.) a1434703215q(pbk.) z9781434706102q(ebook) a(OCoLC)ocn852795060 aStDuBDSbengcCDXerdadCDXdOCLCOdBTCTAdOCLCFdBDXdYDXCPdOCLCQdDLC alccopycat00aBV600.3b.M359 2013 7aREL2ukslc04a262223bM478A1 aMcManus, Erwin Raphael,eauthor.13aAn unstoppable force :bdaring to become the church God had in mind /cErwin Raphael McManus. aSecond edition. 1aColorado Springs, CO, U.S.A. :bDavid C Cook,c2013. a352 pages :billustrations (black and white) ;c21 cm atextbtxt2rdacontent astill imagebsti2rdacontent aunmediatedbn2rdamedia avolumebnc2rdacarrier aAs the world around us changes at record-speed, An Unstoppable Force imagines a church that embraces change by remaining fully committed to its apostolic calling. Church leaders will discover new ways of engaging communities through vibrant, relevant ministries and clear, innovative communication. An Unstoppable Forcechallenges churches to cast aside methods that are broken or atrophied and embrace the future of the Church with vigor. McManus's prophetic voice outlines a church that is not a refuge from the world, but a refuge to the world. Christians on the forefront of the church movement must be ready to let go of the past and move forward. 0aChurch renewal. 7aChurch renewal.2fast0(OCoLC)fst00860921 7aReligion.2ukslc08iRevision of:aMcManus, Erwin Raphael.tUnstoppable force.bFirst edition.dLoveland, Colo. : Group, ©2001z9780764423062